000
00292 a2200145 4500
001
64207
040
_c
Anchieta - Pituba
100
_a
Alencar, José de
240
1
0
_a
O guarani
_l
por
245
1
0
_a
O guarani
300
_a
414
362
0
_a
20
650
4
_a
Ficção brasileira
942
_c
BK
999
_c
64207
_d
64207